Quizzes
Events
Quiz Creation
Community
Videos
Private Events
Remove Ads
Sign In
Join for FREE
Feedback
Dark Mode
Quiz Categories
Sports
Geography
Music
Movies
Television
Just For Fun
Miscellaneous
History
Literature
Language
Science
Gaming
Entertainment
Religion
Holiday
For Kids
Quiz Lab
Recent
Popular Today
Quiz Kudos Today
Editor Picks
Curator Picks
Quizzes by...
Day
Popularity
Type
Ratings
Length
Year
Community
Subscriptions
Recent Discussions
Orange Saloon
Badges
Playlists
Quests
Create
Leaderboards
Showdown
Live 5
Trivia Bingo
Activity
Puzzle Library
Sporcle Events
Private Events
Virtual Trivia
Globe League
Become a Host
Pub Owners
SporcleCon
Opinionation
Our Games
Videos
Blog
Mobile Apps
Partnerships
Remove Ads and Go Orange
Feedback
Music
Pop Music
The Beatles
Song
Album
Lyrics
Bands
Singers
Artist
Clip
Rock
Rap
Classical
Billboard
Country Music
Kpop
Taylor Swift
Music
Pop Music
The Beatles
Song
Album
Lyrics
Bands
Singers
Artist
Clip
Rock
Rap
Classical
Billboard
Country Music
Kpop
Taylor Swift
Random Quiz
Search Sporcle
×
Quiz Lab
Quiz Lab
Music
Country
Type in answers that appear in a list
Type in answers that appear in a list
Classic
Best Score? Go Orange.
Classical Composers by Country of Birth Stats
Can you name the Composers by Country?
By
musicalfun
20m
187 Questions
78 Plays
78 Plays
78 Plays
Comments
Comments
Give Quiz Kudos
Give Quiz Kudos
-
- Ratings
hide this ad
Replay
Link that replays current quiz
Next Quiz
Link to next quiz in quiz playlist
You Got
0%
They Got
Avg Score
65%
Avg Friend Score
Upgrade to see
Score Distribution
Jump to the score distribution portion of the page
Score
0/187
Timer
20:00
0
Plays Today
Hint
Composer
% Correct
Germany
Leopold Mozart
100%
Austria
Joseph Haydn
94.9%
Austria
Wolfgang Amadeus Mozart
94.9%
Austria
Johann Strauss, Sr.
94.9%
Austria
Johann Strauss, Jr.
94.9%
Germany
Richard Strauss
94.9%
Austria
Franz Schubert
93.6%
Czech Republic
Antonín Dvořák
93.6%
Germany
Ludwig van Beethoven
92.3%
Finland
Jean Sibelius
89.7%
France
Maurice Ravel
89.7%
Germany
George Frideric Handel
89.7%
Germany
Johann Sebastian Bach
89.7%
Germany
Carl Philipp Emanuel Bach
89.7%
Czech Republic
Gustav Mahler
88.5%
Germany
Robert Schumann
88.5%
Germany
Richard Wagner
88.5%
Austria
Arnold Schoenberg
87.2%
Argentina
Ástor Piazzolla
85.9%
Austria
Anton Bruckner
85.9%
Austria
Alban Berg
85.9%
Brazil
Heitor Villa-Lobos
85.9%
Czech Republic
Bedřich Smetana
85.9%
Denmark
Carl Nielsen
85.9%
France
Claude Debussy
85.9%
Germany
Carl Maria von Weber
85.9%
Hungary
Franz Liszt
85.9%
Italy
Antonio Vivaldi
85.9%
Poland
Frédéric Chopin
85.9%
United States
George Gershwin
85.9%
Austria
Anton Webern
84.6%
Italy
Giacomo Puccini
84.6%
Russia
Peter Ilich Tchaikovsky
84.6%
Belgium
César Franck
83.3%
France
Georges Bizet
83.3%
Germany
Felix Mendelssohn
83.3%
Italy
Gioacchino Rossini
83.3%
Italy
Giuseppe Verdi
83.3%
Norway
Edvard Grieg
83.3%
Russia
Igor Stravinsky
83.3%
United Kingdom
Edward Elgar
83.3%
United Kingdom
Benjamin Britten
83.3%
Germany
Friedrich Burgmüller
83.3%
France
Hector Berlioz
82.1%
Romania
Béla Bartók
82.1%
Russia
Nikolay Rimsky-Korsakov
82.1%
Ukraine
Sergei Prokofiev
82.1%
Czech Republic
Leoš Janáček
80.8%
Estonia
Arvo Pärt
80.8%
France
Olivier Messiaen
80.8%
Germany
Hildegard von Bingen
80.8%
Germany
Johann Pachelbel
80.8%
Germany
Georg Philipp Telemann
80.8%
Germany
Johannes Brahms
80.8%
Germany
Paul Hindemith
80.8%
Russia
Modest Mussorgsky
80.8%
United States
Aaron Copland
80.8%
Poland
Henryk Górecki
80.6%
France
Francis Poulenc
79.5%
Georgia
Aram Khachaturian
79.5%
Italy
Alessandro Scarlatti
79.5%
Italy
Domenico Scarlatti
79.5%
Italy
Gaetano Donizetti
79.5%
Hint
Composer
% Correct
Russia
Mikhail Glinka
79.5%
Russia
Alexander Borodin
79.5%
Russia
Sergei Rachmaninoff
79.5%
Russia
Dmitri Shostakovich
79.5%
France
Charles François Gounod
78.2%
France
Camille Saint-Saëns
78.2%
Germany
Christoph Willibald Gluck
78.2%
Spain
Isaac Albéniz
78.2%
France
Jean-Philippe Rameau
76.9%
France
Jules Massenet
76.9%
France
Gabriel Fauré
76.9%
France
Erik Satie
76.9%
France
Pierre Boulez
76.9%
Italy
Vincenzo Bellini
76.9%
Spain
Manuel de Falla
76.9%
United Kingdom
Ralph Vaughan Williams
76.9%
United Kingdom
Frederick Delius
76.9%
France
Marc-Antoine Charpentier
76.3%
Germany
Michael Praetorius
75.9%
Croatia
Franz von Suppé
75.6%
France
François Couperin
75.6%
France
Léo Delibes
75.6%
Germany
Jacques Offenbach
75.6%
Italy
Giovanni Pierluigi da Palestrina
75.6%
Italy
Jean-Baptiste Lully
75.6%
United Kingdom
William Byrd
75.6%
United Kingdom
Henry Purcell
75.6%
United States
John Philip Sousa
75.6%
United States
Scott Joplin
75.6%
United States
Philip Glass
75.6%
Belgium
Orlande de Lassus
74.4%
France
Léonin
74.4%
Germany
Heinrich Schütz
74.4%
Germany
Carl Orff
74.4%
Germany
Karlheinz Stockhausen
74.4%
Hungary
Franz Lehár
74.4%
Russia
Alexander Scriabin
74.4%
Austria
Fritz Kreisler
73.1%
France
Guillaume de Machaut
73.1%
Italy
Claudio Monteverdi
73.1%
Italy
Arcangelo Corelli
73.1%
Italy
Giovanni Battista Pergolesi
73.1%
Spain
Joaquín Rodrigo
73.1%
United Kingdom
Thomas Tallis
73.1%
United Kingdom
Gustav Holst
73.1%
United States
Leonard Bernstein
73.1%
United States
Steve Reich
73.1%
France
Paul Dukas
72.9%
Belgium
Guillaume Dufay
71.8%
Belgium
Josquin Des Prez
71.8%
Italy
Antonio Salieri
71.8%
Spain
Enrique Granados
71.8%
Sweden
Dieterich Buxtehude
71.8%
United States
John Williams
71.8%
Russia
Dmitry Kabalevsky
71.8%
Austria
Franz Xaver Gruber
70.5%
Czech Republic
Bohuslav Martinů
70.5%
France
Pérotin
70.5%
Germany
Kurt Weill
70.5%
Italy
Niccolò Paganini
70.5%
Italy
Ruggero Leoncavallo
70.5%
Italy
Ottorino Respighi
70.5%
Romania
György Ligeti
70.5%
Hint
Composer
% Correct
Russia
Alexander Glazunov
70.5%
United States
Charles Ives
70.5%
United States
Samuel Barber
70.5%
Belgium
François-Joseph Gossec
69.5%
France
Émile Waldteufel
69.5%
Austria
Ignaz Holzbauer
68.4%
Germany
Giacomo Meyerbeer
67.9%
Germany
Max Bruch
67.9%
Slovenia
Hugo Wolf
67.9%
United States
John Cage
67.9%
Moldova
Anton Rubinstein
67.8%
Italy
Tomaso Albinoni
66.7%
Italy
Luigi Boccherini
66.7%
United States
Elliott Carter
66.7%
Czech Republic
Julius Fučík
66.7%
Spain
Pablo de Sarasate
66.7%
Mexico
Juventino Rosas
66.1%
Italy
Gian Carlo Menotti
65.4%
United Kingdom
Karl Jenkins
64.4%
Italy
Don Carlo Gesualdo
64.1%
France
Darius Milhaud
62.8%
Italy
Giovanni Gabrieli
62.8%
Germany
Max Reger
61.5%
Ireland
Victor Herbert
60.3%
Italy
Muzio Clementi
60.3%
United Kingdom
Orlando Gibbons
56.4%
France
Leo Arnaud
55.9%
Italy
Pietro Mascagni
55.1%
United Kingdom
John Dowland
53.8%
Germany
Ferdinand Beyer
51.6%
Italy
Gregorio Allegri
48.7%
Italy
Vittorio Monti
48.7%
Germany
Engelbert Humperdinck
44.9%
France
Alexis Emmanuel Chabrier
37.2%
Germany
Albert Lortzing
36.1%
France
Charles-Marie Widor
35.9%
Germany
Carl Reinecke
35.6%
United Kingdom
William Walton
33.3%
France
Ambroise Thomas
32.1%
Spain
Gaspar Sanz
32.1%
United States
Ferde Grofé
30.8%
United States
Stephen Collins Foster
28.8%
Italy
Umberto Giordano
28.2%
United Kingdom
Richard Addinsell
28.2%
Germany
Otto Nicolai
28.2%
Germany
Hermann Necke
27.1%
France
Jean Joseph Mouret
24.4%
Spain
Tomás Luis de Victoria
24.4%
Italy
Francesco Cilea
23.1%
United Kingdom
Jeremiah Clarke
23.1%
United Kingdom
Michael Tippett
22%
Ukraine
Mykola Leontovych
20.5%
Italy
Francesco Sartori
20.5%
Spain
Francisco Tárrega
20.5%
Italy
Amilcare Ponchielli
19.2%
United Kingdom
Thomas Morley
17.9%
United Kingdom
Frederick Joseph Ricketts
16.9%
France
Carlos Gardel
16.1%
United States
Leroy Anderson
15.3%
Italy
Luigi Denza
10%
United States
Frank White Meacham
9.7%
Quiz Playlist
Details
Report
Send in Message
Add To Playlist
Classic:
Type in answers that appear in a list
Last Updated: Sep 7, 2021
Quiz Scoreboard
CHALLENGE
Sign Up to Join the Scoreboard
Show All
Scores
Hide
Comments
May contain spoilers
Recently Published
Popular People in 1961
by mucciniale
History
6m
1-10 Letter E Words III
by El_Dandy
Language
2m
One Thing in Common: World Cities II
by knightlancer
Geography
7m
More to Explore
Quiz From the Vault
Featured Blog Post
Where Did the Easter Bunny Come From?
hide this ad
You Might Also Like...
Tags
Country Quiz
Composers
Today's Top Quizzes in Music
Browse Music
hide this ad
Today's Top Quizzes in Country
Browse Country
Top Contributed Quizzes in Music
1
Taylor Swift All Songs (2024)
2
Taylor Swift Logic Puzzle
3
2010s Album by Cover III
4
Guess the Taylor Swift song (Mystery Song)
5
One Thing in Common: Music
6
Guess the Artist- 70s Songs
7
2010s Album by Cover IV
8
2010s Album by Cover V
9
Get the Picture: Carrie or Dolly
10
Lana Del Rey Discography (BTD to DYKTTATUOB)
Explore More
Trending Topics
Kpop
Disney
Marvel
Harry Potter
Crossword
Anime
NBA
Country
Song
WWE
Soccer
The Office
Pokémon
NFL
Puzzle
hide this ad
More By:
musicalfun
Quiz
Plays
Rating
Category
Featured
Created
Blue's Clues Season 1
1,489
Television
May 11, 2016
Blue's Clues Season 3
999
Miscellaneous
Nov 20, 2016
Blue's Clues Season 2
879
Miscellaneous
Nov 19, 2016
Blue's Clues Season 5
733
Miscellaneous
Nov 27, 2016
Blue's Clues Season 4
663
Miscellaneous
Nov 20, 2016
Go to Creator's Profile
Score Distribution
Quiz Creator Spotlight
musicalfun
Follow
Send a Message
Quizzes Created
-
Created Quiz Play Count
-
More By This Creator
Popular Quizzes Today
1
Find the US States - No Outlines Minefield
2
The Countries of the World
3
Popular People in 1961
4
Find the Countries of Europe - No Outlines Minefield
5
1-10 Letter E Words III
6
Find the US States
7
One Thing in Common: World Cities II
8
US States
More Music Quizzes
Songs with over 100 Million Spotify Streams #13 (Clip)
Quiz Lab
Trending Quizzes
1-10 Letter F Words
One Thing in Common: Music
1-10 Letter G Words
Risky Map Clicking: Next State Alphabetically
1-10 Letter F Words II
Recently Updated
Leaping Animals
pecheneg
Reality TV Shows (A-Z)
bhenderson79
Rickey Henderson's Hall of Fame Teammates
pecheneg
Champions League XIs: Arsenal
pecheneg
Quick Pick: Celebrities in WWE's Hall of Fame
aduchscher
A-Z Keypad Blitz II
pecheneg
Multiple Oscar Actors
pecheneg
Mystery Phrase Blitz: Oscar 'Best Actors'
pecheneg
F. Scott Fitzgerald Novels
LTH
Pick 3 Villains
ddd62291
Trending Topics
Anime
Disney
Harry Potter
Kpop
Crossword
Marvel
NBA
WWE
NFL
Song
Puzzle
Country
The Office
Pokémon
Soccer
Your Account Isn't Verified!
In order to create a playlist on Sporcle, you need to verify the email address you used during registration. Go to your
Sporcle Settings
to finish the process.
Report this User
Report this user for behavior that violates our
Community Guidelines
.
Details:
Send Report
Go to the Sporcle.com Mobile Site →
Comments